Sedjarah pendidikan Islam, (Record no. 89558)

MARC details
000 -LEADER
fixed length control field 00794cam a22002291 4500
001 - CONTROL NUMBER
control field sa 68020684
003 - CONTROL NUMBER IDENTIFIER
control field DLC
005 - DATE AND TIME OF LATEST TRANSACTION
control field 20260227112726.0
008 - FIXED-LENGTH DATA ELEMENTS--GENERAL INFORMATION
fixed length control field 760701s1966 io 000 0 ind
010 ## - LIBRARY OF CONGRESS CONTROL NUMBER
LC control number sa 68020684
035 ## - SYSTEM CONTROL NUMBER
System control number (OCoLC)2292493
040 ## - CATALOGING SOURCE
Original cataloging agency DLC
Transcribing agency OAU
Modifying agency OCoLC
-- DLC
042 ## - AUTHENTICATION CODE
Authentication code premarc
050 00 - LIBRARY OF CONGRESS CALL NUMBER
Classification number LA99
Item number .J86
100 1# - MAIN ENTRY--PERSONAL NAME
Personal name Yunus, Mahmud,
Dates associated with a name 1899-1982.
245 10 - TITLE STATEMENT
Title Sedjarah pendidikan Islam,
Remainder of title dari zaman Nabi s.a.w., chalifah² Rasjidin, Bani Umaijah dan Abbasijah sampai zaman Mamluks dan Usmanijah Turki /
Statement of responsibility, etc. oleh Mahmud Junus untuk mahasiswa² Fakultas Tarbijah I. A. I. N.
250 ## - EDITION STATEMENT
Edition statement Tjet. 1.
260 ## - PUBLICATION, DISTRIBUTION, ETC.
Place of publication, distribution, etc. Djakarta :
Name of publisher, distributor, etc. Mutiara,
Date of publication, distribution, etc. 1966.
300 ## - PHYSICAL DESCRIPTION
Extent 158 p. ;
Dimensions 22 cm.
504 ## - BIBLIOGRAPHY, ETC. NOTE
Bibliography, etc. note Includes bibliographical references.
650 #0 - SUBJECT ADDED ENTRY--TOPICAL TERM
Topical term or geographic name entry element Islamic education
General subdivision History.

No items available.

Powered by Koha